Word Ladder #3 - Statistics

General Stats
  • This quiz has been taken 521 times
  • The average score is 7 of 17
Answer Stats
Hint Answer % Correct
Highest Boy Scout rank. Eagle
73%
Armstrong: “The _____ has landed.” Eagle
67%
Irish dance. Jig
61%
Penn & Teller art. Magic
58%
Descriptive part of speech. Adjective
56%
Rolling Stones strutter. Jagger
54%
Poe story: “The ____-____ Heart.” Tell-Tale
45%
80’s Shatner cop show: T.J. ______ Hooker
42%
Alcohol measurement. Jigger
38%
Short form of Madeline or Margaret. Madge
36%
Graceful as an acrobat. Agile
35%
Furry Star Wars biped. Wookie
33%
Morse invention. Telegraph
31%
Fancy word for exit. Egress
18%
Beware the __________, my son! Jabberwock
18%
“Uncle Tom’s Cabin” villain: Simon ______ Legree
15%
1991 Navy scandal in Las Vegas. Tailhook
10%
No matching quizzes found
Score Distribution
Percent of People with Each Score
Percentile by Number Answered
Your Score History
You have not taken this quiz